Footballer by Pictures #4 Legends - Statistics

General Stats
  • This quiz has been taken 464 times
  • The average score is 12 of 16
Answer Stats
Picture Answer % Correct
Ronaldo Luís Nazário de Lima
98%
Johan Cruyff
95%
Éric Cantona
90%
George Best
89%
Zinédine Zidane
89%
Paolo Maldini
88%
Ruud Gullit
83%
Lew Iwanowitsch Jaschin
78%
Ferenc Puskás
71%
Gerd Müller
71%
Raúl González Blanco
69%
Alessandro Del Piero
65%
Lothar Matthäus
60%
Carlos Alberto
56%
Franz Beckenbauer
50%
Jay-Jay Okocha
44%
No matching quizzes found
Score Distribution
Percent of People with Each Score
Percentile by Number Answered
Your Score History
You have not taken this quiz